| 000 -LEADER |
| fixed length control field |
01430pab a2200145 454500 |
| 008 - FIXED-LENGTH DATA ELEMENTS--GENERAL INFORMATION |
| fixed length control field |
180718b2015 xxu||||| |||| 00| 0 eng d |
| 245 ## - TITLE STATEMENT |
| Title |
Spreading the truth: how truth commissions address human rights abuses in the world society |
| 260 ## - PUBLICATION, DISTRIBUTION, ETC. |
| Date of publication, distribution, etc. |
2015 |
| 300 ## - PHYSICAL DESCRIPTION |
| Extent |
p.654-673. |
| 362 ## - DATES OF PUBLICATION AND/OR SEQUENTIAL DESIGNATION |
| Dates of publication and/or sequential designation |
Nov |
| 520 ## - SUMMARY, ETC. |
| Summary, etc. |
This research examines why truth commissions have proliferated worldwide and become a standard component of the transitional justice repertoire, in spite of a lack of evidence that the institution is viable or beneficial in diverse contexts. Drawing on world society theory, the article argues that rationalized myths about the value of truth telling have driven the diffusion of truth commissions. Data from 34 founding charters reveal that a commission's objectives do not necessarily correspond with the precipitating conflict or political transition, but are highly shaped by three external channels of influence: the United Nations, international consultants, and regional proximity. By identifying distinct actors that have developed and promoted different rationalized myths, the article refines world society theory's tendency to present routine uninhabited diffusion of a single institutional model. Instead, truth commissions provide evidence of the uneven spread of a multifarious global institution. - Reproduced. |
| 650 ## - SUBJECT ADDED ENTRY--TOPICAL TERM |
| Topical term or geographic name entry element |
Human rights violations |
| 773 ## - HOST ITEM ENTRY |
| Main entry heading |
International Sociology |
| 909 ## - |
| -- |
110044 |